Tienes el diablo en el cuerpo / (Record no. 7656)

MARC details
000 -LEADER
fixed length control field 00516 a2200205 4500
001 - CONTROL NUMBER
control field sjds
003 - CONTROL NUMBER IDENTIFIER
control field sjds
005 - DATE AND TIME OF LATEST TRANSACTION
control field 20240627080806.0
008 - FIXED-LENGTH DATA ELEMENTS--GENERAL INFORMATION
fixed length control field 240627b |||||||| |||| 00| 0 spa d
020 ## - INTERNATIONAL STANDARD BOOK NUMBER
International Standard Book Number 9788495722744
040 ## - CATALOGING SOURCE
Transcribing agency sjds
041 ## - LANGUAGE CODE
Language code of text/sound track or separate title spa
100 10 - MAIN ENTRY--PERSONAL NAME
Personal name Calleja, Seve
245 10 - TITLE STATEMENT
Title Tienes el diablo en el cuerpo /
Statement of responsibility, etc. Seve Calleja; dibujos de Marie Nigot.
260 ## - PUBLICATION, DISTRIBUTION, ETC. (IMPRINT)
Name of publisher, distributor, etc. Alzira Algar,
Date of publication, distribution, etc. 2004.
300 ## - PHYSICAL DESCRIPTION
Extent 100 p. :
Other physical details il. ;
Dimensions 21 cm.
440 ## - SERIES STATEMENT/ADDED ENTRY--TITLE
Title Calcetin ;
Number of part/section of a work 6
700 10 - ADDED ENTRY--PERSONAL NAME
Personal name Nigot, Marie.
942 ## - ADDED ENTRY ELEMENTS (KOHA)
Koha item type Libro/Book
Holdings
Withdrawn status Lost status Damaged status Not for loan Home library Current library Date acquired Inventory number Total Checkouts Total Renewals Full call number Barcode Date last seen Date checked out Price effective from Koha item type
        San Juan Del Sur -- Mobile San Juan Del Sur -- Mobile 25/04/2014 Inventory date: 27-2-25 5 1 JF 30000291 02/10/2024 25/06/2024 25/04/2014 Libro/Book

Powered by Koha